| 000 | 00443 a2200169 4500 | ||
|---|---|---|---|
| 020 | _a9780199590148 | ||
| 022 | _a9780199590148 | ||
| 082 | _a361.6 | ||
| 090 |
_c6627 _d6627 |
||
| 100 | _aBeall,Jo | ||
| 245 |
_aUrbanization and Development. _bMultidisciplinary Perspectives. _cJo Beall. |
||
| 250 | _a1st. | ||
| 260 |
_aNew York _bOxford University Press _c2010. |
||
| 300 | _a327p. | ||
| 500 | _aHard cover | ||
| 942 |
_anbs _cBK _k361.6 BEA |
||
| 999 |
_c348978 _d348978 |
||